Library Logo

Pioneer International University Library Catalogue

You can't say that to me! : (Record no. 5541)

MARC details
000 -LEADER
fixed length control field 00640cam a2200181 a 4500
005 - DATE AND TIME OF LATEST TRANSACTION
control field 20250901165535.0
008 - FIXED-LENGTH DATA ELEMENTS--GENERAL INFORMATION
fixed length control field 940830s1995 nyu b 001 0 eng
010 ## - LIBRARY OF CONGRESS CONTROL NUMBER
LC control number 94036128
020 ## - INTERNATIONAL STANDARD BOOK NUMBER
International Standard Book Number 0471003956 (alk. paper)
020 ## - INTERNATIONAL STANDARD BOOK NUMBER
International Standard Book Number 0471003999 (pbk. : alk. paper)
050 00 - LIBRARY OF CONGRESS CALL NUMBER
Classification number BF637.V47 .E4337 1995
Item number E4337 1995
082 00 - DEWEY DECIMAL CLASSIFICATION NUMBER
Classification number 153.6
Edition information 20
100 1# - MAIN ENTRY--PERSONAL NAME
Personal name Elgin, Suzette Haden.
245 10 - TITLE STATEMENT
Title You can't say that to me! :
Remainder of title stopping the pain of verbal abuse : an 8-step program /
Statement of responsibility, etc. Suzette Hayden Elgin.
260 ## - PUBLICATION, DISTRIBUTION, ETC.
Place of publication, distribution, etc. New York :
Name of publisher, distributor, etc. Wiley,
Date of publication, distribution, etc. c1995.
300 ## - PHYSICAL DESCRIPTION
Extent xviii, 206 p. ;
Dimensions 24 cm.
942 ## - ADDED ENTRY ELEMENTS (KOHA)
Source of classification or shelving scheme Library of Congress Classification
Classification part BF637.V47 .E4337 1995
Holdings
Withdrawn status Lost status Source of classification or shelving scheme Damaged status Not for loan Home library Current library Shelving location Date acquired Total checkouts Total renewals Full call number Barcode Date last seen Date last checked out Price effective from Koha item type
    Library of Congress Classification     Main Library Main Library   06/07/2021 1 4 BF637.V47 .E4337 1995 PIU0006971 02/08/2023 10/26/2021 06/07/2021 Books